00432nam a2200133Ia 4500082002100000245003700021260003000058300001400088650004800102650005900150650004800209700002100257700002000278 aRR 004.6165 DIG- 0aDigital computer user's handbook aLondonbMcGraw-Hillc1967 avi, 430p. aComputer science - Handbooks, manuals, etc. aDigital computer simulation - Handbooks, manuals, etc. aAlgebras, Linear - Handbooks, manuals, etc. aKorn, Granino A. aKlerrer, Melvin